| 000 | 008310000a22002890004500 | ||
|---|---|---|---|
| 001 | 25 | ||
| 003 | CO-MdFUSB | ||
| 005 | 20160311161837.0 | ||
| 008 | 160311t19871987spa |f |||| 00| 0 spa d | ||
| 010 | _aCO-MdFUSB | ||
| 020 | _a84-254-1547-0 | ||
| 040 |
_cCO-MdFUSB _erda |
||
| 041 | 0 | _aSPA | |
| 082 | 0 | 4 | _aR 203 P8768d |
| 100 | 1 | _aPoupard, Paul | |
| 245 | 1 | 0 |
_aDiccionario de las religiones _c / Paul Poupard |
| 260 | _aBarcelona, España : Herder | ||
| 264 |
_aBarcelona, España _b: Herder _c1987 |
||
| 300 | _a1889 Pag. | ||
| 336 | _a5 | ||
| 337 |
_2rdamedia _a2 |
||
| 338 | _a2 | ||
| 504 | _aIncluye referencias bibliográficas: páginas | ||
| 650 | 1 | 4 | _aRELIGIONES \ ENCICLOPEDIAS Y DICCIONARIOS |
| 653 |
_aRELIGIONES \ ENCICLOPEDIAS Y DICCIONARIOS _aRELIGIONES \ ENCICLOPEDIAS Y DICCIONARIOS |
||
| 942 | _cBK | ||
| 999 |
_c31581 _d31581 |
||